|
|
|
|
| LEADER |
00000nab a2200000 a 4500 |
| 001 |
vtls010704366 |
| 003 |
SK-MaSNL |
| 005 |
20260304195159.0 |
| 008 |
250709s1959 xo |||||||||||||||||slo| |
| 035 |
|
|
|a (urnnbn)urn:nbn:sk:snk:ar-a03xoh
|
| 035 |
|
|
|a (uuid)7cfa9022-9400-400b-ae83-7856079f4f5f
|
| 035 |
|
|
|a urn:nbn:sk:snk-ab395v
|
| 040 |
|
|
|a SNKBUCL
|b slo
|c SNKBUCL
|e AACR2
|
| 041 |
0 |
|
|a slo
|
| 044 |
|
|
|a xo
|c SK
|
| 100 |
1 |
|
|a Chaternuch, Ľudovít,
|d 1917-1974
|4 aut
|9 156967
|
| 245 |
1 |
0 |
|a Polyamidové laky na drôty II. časť
|c Ľ. Chaternuch
|
| 773 |
0 |
|
|t Bulletin VÚKI
|g Roč. 12, č. 6 (1959), s. 259-280
|
| 850 |
|
|
|a Slovenská národná knižnica
|
| 852 |
|
|
|a Slovenská národná knižnica
|
| 958 |
|
|
|a article1
|
| 958 |
|
|
|a OND
|
| 999 |
|
|
|c 3079939
|d 3081869
|